000 00824nam a2200217Ii 4500
003 JO-AjNU
008 230605s9999||||xx |||||||||||||| ||und||
020 _a9973-16-354-0
040 _aJO-AjNU
_bara
_erda
_cJO-AjNU
041 _aara
050 1 4 _aHQ1784 1994
100 3 _aعاشور، سعيد ,
_eauthor
_915220
245 0 0 _aالمراة والمؤسسات الاجتماعية في الحضارة العربية
264 3 1 _aتونس: دار المعارف للطباعة والنشر، 1994
300 _a88ص
336 _atext
_btxt
_2rdacontent
337 _aunmediated
_bn
_2rdamedia
338 _avolume
_bnc
_2rdacarrier
490 0 _a موسوعة الحضارة العربية الإسلامية ؛ 18 
650 4 _a المرأة - البلاد العربية - أحوال اجتماعية 
_915221
999 _aA4246
_c7814
_d7814